MARC

LEADER 00000nam0a2200000 4500
001 139953
005 20231031141921.0
010 |a 528303061X 
020 |a RU  |b 91-39405 
035 |a (RuTPU)RU\TPU\book\151620 
090 |a 139953 
100 |a 20080617d1991 m a0rusy5003 ca 
101 0 |a rus 
102 |a RU 
105 |a a z 001zy 
200 1 |a Экоинформатика в атомной энергетике  |f Е. И. Воробьев, В. Ю. Резниченко 
210 |a Москва  |c Энергоатомиздат  |d 1991 
215 |a 156 с.  |c ил. 
320 |a Библиогр.: с. 156-157. 
610 1 |a ядерная техника 
610 1 |a экоинформатика 
610 1 |a атомная энергетика 
610 1 |a мониторинг 
610 1 |a окружающая среда 
610 1 |a информационное обеспечение 
675 |a 621.039  |v 3 
700 1 |a Воробьев  |b Е. И.  |g Евгений Иванович 
701 1 |a Резниченко  |b В. Ю.  |g Владимир Юрьевич 
801 0 |a RU  |b RuMRKP  |c 19950417  |g psbo 
801 1 |a RU  |b 63413507  |c 20080617  |g PSBO 
801 2 |a RU  |b 63413507  |c 20110210  |g PSBO 
942 |c BK